[Event "EU-chT Seniors 09th"]
[Site "Dresden"]
[Date "2007.02.18"]
[Round "3"]
[White "Andersson, Kaj Ake"]
[Black "Mull, Guenter"]
[Result "1-0"]
[WhiteElo "2169"]
[BlackElo "1786"]
[PlyCount "45"]
[EventDate "2007.02.16"]
[EventType "team-swiss"]
[EventRounds "9"]
[EventCountry "GER"]
[SourceTitle "CBM 117 Extra"]
[Source "ChessBase"]
[SourceDate "2007.05.09"]
[SourceVersion "1"]
[SourceVersionDate "2007.05.09"]
[SourceQuality "1"]

1. e4 c5 2. Nf3 Nc6 3. d4 cxd4 4. Nxd4 Nf6 5. Nc3 d6 6. Be2 g6 7. Be3 Bg7 8. Qd2 0-0 9. f3 a6 10. 0-0-0 Nxd4 11. Bxd4 b5 12. g4 Be6 13. h4 h5 14. gxh5 Nxh5 15. Bxg7 Kxg7 16. f4 Ng3 17. Rhg1 Nxe2+ 18. Nxe2 Rh8 19. f5 Bc8 20. Nf4 Bb7 21. Rxg6+ Kf8 22. Qd4 Rh7 23. Rdg1 1-0

[Event "Bevensen op Seniors 2nd "]
[Site "Bad Bevensen"]
[Date "1999.06.23"]
[Round "5"]
[White "Mull, Guenter"]
[Black "Herrmann, Udo"]
[Result "0-1"]
[WhiteElo "1794"]
[BlackElo "1932"]
[PlyCount "49"]
[EventDate "1999.06.??"]
[EventType "swiss"]
[EventRounds "9"]
[EventCountry "GER"]
[SourceTitle "EXT 2006"]
[Source "ChessBase"]
[SourceDate "2005.11.24"]
[SourceVersion "1"]
[SourceVersionDate "2005.11.24"]
[SourceQuality "1"]

1. d4 Nf6 2. c4 e6 3. Nc3 d5 4. Bg5 Nbd7 5. e3 c6 6. Nf3 Qa5 7. Bxf6 Nxf6 8. Nd2 Bb4 9. Qc2 0-0 10. Bd3 dxc4 11. Nxc4 Qd5 12. 0-0-0 Bxc3 13. bxc3 b5 14. Nd2 Qd6 15. Ne4 Nxe4 16. Bxe4 f5 17. Bd3 Bd7 18. Kd2 c5 19. Be2 cxd4 20. Ke1 Rac8 21. Rxd4 Qc7 22. f4 Rf7 23. Qd2 Bc6 24. Kf2 e5 25. Rd1 0-1